Congestion charge affects London retailers (Record no. 117022)
[ view plain ]
| 000 -LEADER | |
|---|---|
| fixed length control field | 01049cam a2200217 4500 |
| 001 - CONTROL NUMBER | |
| control field | WB4006-18 |
| 008 - FIXED-LENGTH DATA ELEMENTS--GENERAL INFORMATION | |
| fixed length control field | 040212n2004 000 0 eng u |
| 035 ## - SYSTEM CONTROL NUMBER | |
| System control number | (Sirsi) u125140 |
| 245 ## - TITLE STATEMENT | |
| Title | Congestion charge affects London retailers |
| 260 ## - PUBLICATION, DISTRIBUTION, ETC. | |
| Date of publication, distribution, etc. | 2004 |
| 490 ## - SERIES STATEMENT | |
| Series statement | RICS Press Release |
| Volume/sequential designation | (pr011) 16 February 2004 (3) |
| 520 ## - SUMMARY, ETC. | |
| Summary, etc. | RICS has published a report which shows mixed fortunes for those affected by the congestion charge. It reports that 90% of retailers and 75% of leisure occupiers view the charge negatively. Office space and the residential market are mainly unaffected. The report recommends the improvement of public transport, the study of its impact on property markets, monitoring of the impact on retail and careful consideration before the scheme is extended. http://www.rics.org/includes/listprmoreall.html |
| 590 ## - LOCAL NOTE (RLIN) | |
| Local note | WB |
| 590 ## - LOCAL NOTE (RLIN) | |
| Local note | WB |
| 650 ## - SUBJECT ADDED ENTRY--TOPICAL TERM | |
| Topical term or geographic name entry element | CONGESTION CHARGING |
| 650 ## - SUBJECT ADDED ENTRY--TOPICAL TERM | |
| Topical term or geographic name entry element | TRANSPORT POLICIES |
| 650 ## - SUBJECT ADDED ENTRY--TOPICAL TERM | |
| Topical term or geographic name entry element | PROPERTY MARKET |
| 650 ## - SUBJECT ADDED ENTRY--TOPICAL TERM | |
| Topical term or geographic name entry element | LONDON |
| 690 ## - LOCAL SUBJECT ADDED ENTRY--TOPICAL TERM (OCLC, RLIN) | |
| Topical term or geographic name as entry element | TRANSPORT AND COMMUNICATIONS |
| 942 ## - ADDED ENTRY ELEMENTS (KOHA) | |
| Suppress in OPAC | 0 |
| Withdrawn status | Lost status | Source of classification or shelving scheme | Damaged status | Not for loan | Home library | Current library | Shelving location | Date acquired | Total Checkouts | Full call number | Barcode | Date last seen | Copy number | Price effective from | Koha item type |
|---|---|---|---|---|---|---|---|---|---|---|---|---|---|---|---|
| Dewey Decimal Classification | London | London | News article | 12/02/2004 | WB4006-18 | 125140-1001 | 06/08/2019 | 1 | 06/08/2019 | News article |